| 000 | 00496nam a2200169 4500 | ||
|---|---|---|---|
| 001 | 115881 | ||
| 003 | ES-MaACL | ||
| 007 | t| | ||
| 008 | 061121s1922 sp r ||||1| spa d | ||
| 100 | 1 |
_aOrs, Eugenio d', _d1881-1954 _987358 |
|
| 245 | 1 | 0 |
_aHambre y sed de verdad / _cEugenio d'Ors. |
| 260 |
_aMadrid : _bRafael Caro Raggio, _c1922. |
||
| 300 |
_a228 p. ; _c19 cm. |
||
| 500 | _apertenece a `El nuevo glosario`, vol. III. | ||
| 852 |
_aES-MaACL _jB-4263 |
||
| 999 |
_c115881 _d115881 |
||